Loading...

Strategic brand Management/2e

Bibliographic Details
Main Author: Kapferer, , Jean-Noel
Language:English
Published: Kogan page india. 2004
Edition:2nd ed.
LEADER 00459nam a22001457a 4500
005 20151215130149.0
008 100322t xxu||||| |||| 00| 0 eng d
100 |a Kapferer, , Jean-Noel  |9 3212 
245 |a Strategic brand Management/2e 
250 |a 2nd ed. 
300 |a xviii, 350. 
942 |c BB  |6 _ 
260 |a Kogan page  |b india.  |c 2004 
999 |c 112428  |d 112428 
952 |0 0  |1 0  |2 ddc  |4 0  |6 _  |7 0  |9 145976  |a SMS  |b SMS  |c GEN  |d 2010-03-22  |g 0.00  |p SMSBB0116  |r 2010-03-22  |w 2010-03-22  |y BB